Zrównoważony rozwój w teorii ekonomii i w praktyce [zborník : konferencja naukowa, 29 - 30 czerwca 2006 r. we Wroclawiu]
Gespeichert in:
| Körperschaft: | |
|---|---|
| Weitere Verfasser: | |
| Format: | Buch |
| Sprache: | Polnisch Englisch |
| Veröffentlicht: |
Wroclaw
Wydawnictwo Akademii Ekonomicznej im. Oskara Langego we Wroclawiu
2007
|
| Schriftenreihe: | Prace naukowe Akademii Ekonomicznej im. Oskara Langego we Wrocławiu
nr 1190 |
| Schlagworte: | |
| Tags: |
Keine Tags, Fügen Sie das erste Tag hinzu!
|
MARC
| LEADER | 00000nam a2200000 4500 | ||
|---|---|---|---|
| 001 | 0151207 | ||
| 005 | 20240109071009.2 | ||
| 022 | |a 0324-8445 | ||
| 041 | 0 | |a pol | |
| 041 | 0 | |a eng | |
| 044 | |a PL | ||
| 245 | 1 | 0 | |a Zrównoważony rozwój w teorii ekonomii i w praktyce |b [zborník : konferencja naukowa, 29 - 30 czerwca 2006 r. we Wroclawiu] |c redaktor naukowy Andrzej Graczyk |
| 264 | 1 | |a Wroclaw |b Wydawnictwo Akademii Ekonomicznej im. Oskara Langego we Wroclawiu |c 2007 | |
| 300 | |a 547 s. | ||
| 490 | 1 | |a Prace naukowe Akademii Ekonomicznej im. Oskara Langego we Wrocławiu |v nr 1190 | |
| 830 | 0 | |a Prace naukowe Akademii Ekonomicznej im. Oskara Langego we Wrocławiu |v nr 1190 | |
| 610 | 2 | 0 | |a rozvoj hospodársky |
| 610 | 2 | 0 | |a teórie ekonomické |
| 610 | 2 | 0 | |a rozvoj regionálny |
| 610 | 2 | 0 | |a poľnohospodárstvo |
| 610 | 2 | 0 | |a rozvoj podniku |
| 700 | 1 | |a Graczyk, A. | |
| 110 | 2 | |a Zrównoważony rozwój w teorii ekonomii i w praktyce. Vedecká konferencia | |